000 00812nam a2200217Ia 4500
008 0000001978 sp a 0000000000spa00
090 _aPSP00 R65j
100 1 _aRomero, Juan
_d1932
245 1 0 _aJuan Romero
_b: de los signos del zodiaco y otras pinturas
300 _a25 p.
_c/ 23 cm.
440 _aColección Arte Actual ; 43
500 _aExposición realizada en la Galeria Kreisler, Madrid, Mayo, 1978 \ Con el patronazgo del maestro venezolano Jesús Rafael Soto (q.e.p.d.)
600 0 0 _aROMERO, JUAN, 1932/
_xTRABAJOS PICTORICOS
650 1 4 _aARTE CONTEMPORANEO ESPAÑOL
650 1 4 _xCATALOGOS
650 1 4 _xEXPOSICIONES
650 1 4 _aPINTORES ESPAÑOLES
650 1 4 _aPINTURA ESPAÑOLA
650 1 4 _aZODIACO EN EL ARTE
999 _c6931
_d6931
260 _aMadrid : Kreisler Galería de Arte
_c1978